| 000 | 00505nam a22001817a 4500 | ||
|---|---|---|---|
| 008 | 150520b xxu||||| |||| 00| 0 eng d | ||
| 020 | _a9781412950176 (pbk.) | ||
| 020 | _a1412950171 (pbk.) | ||
| 041 | 0 | _aeng | |
| 080 | _a123.11 | ||
| 245 | 0 | 0 |
_aCases in leadership / _c[edited by] W. Glenn Rowe. |
| 260 |
_aLos Angeles : _bSAGE Publications, _cc2007. |
||
| 300 |
_ax, 421 p. : _bme il. ; _c24 cm |
||
| 650 | 0 | _aUdhëheqje | |
| 650 | 0 | _aStudimet e rasteve | |
| 700 | _aRowe, W. Glenn. | ||
| 942 |
_2ddc _cBK |
||
| 999 |
_c842 _d842 |
||